Henri Bergson

Αποθηκεύτηκε σε:
Λεπτομέρειες βιβλιογραφικής εγγραφής
Κύριος συγγραφέας: Vieillard-Baron, Jean-Louis
Άλλοι συγγραφείς: Berger, Guy, 1932- (Επιμελητής έκδοσης), Θεοδωροπούλου, Έλενα Κ. (edtf), Καΐλα, Μαρία Α. (edtf)
Μορφή: Βιβλίο
Γλώσσα:Greek
Δημοσίευση: Ζεφύρι Αττικής : Διάδραση, c2011
Σειρά:Κείμενα παιδείας (Ατραπός)
Θέματα:
Ετικέτες: Προσθήκη ετικέτας
Δεν υπάρχουν, Καταχωρήστε ετικέτα πρώτοι!

MARC

LEADER 00000cam a2200000 i 4500
001 1/29492
008 130515s2011 gr | ||| |||| ||gre||
020 |a 9789609541091  
020 |a 9789609541008 
035 |l 10114388 
040 |a GR-MY-UA  |b gre  |e aacr 
041 0 |a gre 
082 7 |a 370.1   |2 (22) 
100 1 |a Vieillard-Baron, Jean-Louis. 
245 1 0 |a Henri Bergson /  |c Jean-Luis Vieillard-Baron ; επιμέλεια, πρόλογος: Μαρία Καϊλα, Guy Berger, Έλενα Θεοδωροπούλου.  
260 |a Ζεφύρι Αττικής :   |b Διάδραση,   |c c2011 
300 |a 299 σ.;  |c 21 εκ. 
490 1 |a (Κείμενα παιδείας / Ατραπός) 
500 |a Περιέχει συνόψεις στα αγγλικά, γαλλικά, ρωσικά, γερμανικά και τουρκικά. 
504 |a Πειέχει βιβλιογραφικές παραπομπές. 
600 1 0 |a Bergson, Henri,   |d 1859-1941. 
650 0 0 |a Education  |x Philosophy. 
650 0 0 |a Philosophy  |x History. 
700 1 |a Berger, Guy,   |d 1932-  |e edt 
700 1 |a Θεοδωροπούλου, Έλενα Κ.  |e edtf 
700 1 |a Καΐλα, Μαρία Α.  |e edtf 
830 0 |a Κείμενα παιδείας (Ατραπός) 
852 |a INST  |b CHIOS  |e 20220930  |h 370.1 VIE  |p 005200040588  |q 005200040588  |t BK  |y 0 
852 |a INST  |b RHODES  |c EUDOXUS  |e 20130515  |h 370.1 VIE  |p 005400035190  |q 005400035190  |t EDX  |y 0 
852 |a INST  |b RHODES  |c EUDOXUS  |e 20140515  |h 370.1 VIE  |p 005400036450  |q 005400036450  |t EDX  |y 0 
901 |a BIBL4-2013-2 
901 |a BIBL4-2014-2 
909 |a Ρ  |b 176719 
909 |a Ρ  |b 182952 
920 |a ΕΥΔΟΞΟΣ  |b ΠΑΡΑΓΓΕΛΙΑ  |y Ρόδος-ΤΕΠΑΕΣ  |z 2013-05 
920 |a ΕΥΔΟΞΟΣ  |b ΠΑΡΑΓΓΕΛΙΑ  |y Ρόδος-ΤΕΠΑΕΣ  |z 2014-05 
922 |a 4ΕΛΗ 
970 |z 2013/05/15